Score 0/41 Timer 08:00
0 Plays Today
Undergrad Program % Correct
Biology
94.6%
History
89.2%
Mathematics
89.2%
Business Administration
86.5%
Pre-Medical
86.5%
English
83.8%
Pre-Law
83.8%
Chemistry
81.1%
Art
78.4%
Economics
78.4%
Education
75.7%
Physics
75.7%
Sociology & Anthropology
75.7%
Modern Languages and Literatures
73%
Psychology
70.3%
Geology
62.2%
Pre-Engineering
62.2%
Accounting
59.5%
Computer Science
56.8%
Religious Studies
56.8%
Music
54.1%
Undergrad Program % Correct
Philosophy
54.1%
Communication and Media Studies
51.4%
Geography
51.4%
Theatre Studies
48.6%
Nursing
45.9%
Political Science
45.9%
Environmental Science
40.5%
International Studies
40.5%
Women's and Gender Studies
35.1%
Classical Studies
32.4%
Pre-Dental
32.4%
American Studies
27%
International Business and Language Area Studies
27%
Physical Education
24.3%
Pre-Veterinary
21.6%
Human Services (Social Work)
18.9%
Peace and Justice
18.9%
Philippine Studies
16.2%
Leadership Studies
13.5%
Military Science
13.5%
Remove Ads.
Support Sporcle.
Get the best of Sporcle when you Go Orange. This ad-free experience offers more features, more stats, and more fun while also helping to support Sporcle. Thank you for becoming a member.

You're not logged in!

Compare scores with friends on all Sporcle quizzes.
OR
Log In

Show Comments

Extras

Created Nov 6, 2010ReportNominate
Tags:Wisconsin, Wisconsin State

Top Quizzes Today


Score Distribution

Your Account Isn't Verified!

In order to create a playlist on Sporcle, you need to verify the email address you used during registration. Go to your Sporcle Settings to finish the process.

Report this User

Report this user for behavior that violates our Community Guidelines.

Details: